La Culture rénumératrice du blé / par Émile Rey
Descripción Física:
211, [13] p. : il. ; 18 cm
Colección:
Petite bibliothèque agricole
MARC
| LEADER | 00000nam a2200000Ia 4500 | ||
|---|---|---|---|
| 001 | 14451 | ||
| 008 | 160829s1922 xx 000 0 cat d | ||
| 080 | |a C-2-266 | ||
| 100 | |a Rey, Émile |9 37803 | ||
| 245 | |a La Culture rénumératrice du blé / par Émile Rey | ||
| 250 | |a 2ème ed., rev. et aug. | ||
| 260 | |a Paris : |b J.B. Baillière, |c 1922 | ||
| 300 | |a 211, [13] p. : |b il. ; |c 18 cm | ||
| 490 | |a Petite bibliothèque agricole | ||
| 650 | |a Blat |x Conreu |9 37804 | ||
| 650 | |a Sòls |x Fertilitat |9 37805 | ||
| 901 | |a Arxiu | ||
| 942 | |n 1 | ||
| 952 | |0 0 |1 0 |4 0 |6 C2266 |7 1 |9 48087 |a Arxiu |b Arxiu |d 2016-12-01 |l 0 |o C-2-266 |p 14451 |r 2016-12-01 00:00:00 |w 2016-12-01 |y ARXIU | ||
| 999 | |c 51890 |d 51890 | ||